000
00322nam a2200157Ia 4500
100
_a
Hunt/P
650
_a
General
942
_c
BK
654
_a
Finance
245
_a
Basic Business Finance
260
_b
Richard D.Irwin
_a
Illinois
_c
1960
082
_a
658.1
_b
HUN
300
_a
911
546
_a
ENGLISH
999
_c
21236
_d
21236